1799 1393 1411 1858 1618 1942 1724 1637 1294 1841 1377 1147 1831 1332 1986 1154 1177 1236 1159 1188 1404 1370 1682 1069 1140 1691 1272 1599 1678 1720 1480 1446 1420 1247 1778 1358 1565 1308 1735 1223 1287 1394 1752 1662 1925 1092 1255 1062 1221 1255 1745 1179 1341 1556 1866 1953 1694 1713 1340 1875 1757 1670 1505 1687 1042 1726 1556 1097 1394 1975 1433 1413 1273 1572 1501 1878 1414 1270 1279 1646 1900 1108 1277 1354 1860 1931 1255 1420 1469 1141 1439 1228 1566 1772 1455 1166 1790 1811 1481 BCNSPRNW ULIB Ver.6.0+V

เปลี่ยนเป็นภาษาไทย

Change to English
 แสดงรายละเอียดบรรณานุกรม
  กลับหน้าหลัก

Brief Record : Get Marc (ISO 2709) : E-mail record : QR code < ปิดหน้าต่าง
LEADER : 00000nam 2200000uu 4500
001    13399111528
003     ULIB
008    110630s||||||||th 000 0 tha d
020    9789740920083
050  4 BQ4570^bน445ธ 2550
100 0  นาคา นาคทอง
245 10 ธรรมวาจาปัญญานันทภิกขุ /^cนาคา นาคทอง
260    กรุงเทพฯ :^bวาไรตี้,^c2550
300    159 หน้า :^bภาพประกอบสีบางภาพ
650  7 ธรรมะ
945    ^p129^l0^i023140
995    ทศพร
999 ^a ใช้งานได้ทุกระบบ
รายการนี้ยังไม่มีแท็ก
คุณยังไม่ได้ล็อกอิน คุณสามารถมีกิจกรรมร่วมกับเว็บไซต์ได้ แต่ต้องล็อกอินก่อน ::
  ล็อกอิน

รายการสื่อสารสนเทศ

ลำดับที่ ประเภท เลขเรียก/บาร์โค้ด สถานที่ สถานะ
- ไม่พบข้อมูล -

รายการใกล้เคียง
    หัวเรื่อง [ธรรมะ]

BibComment


ยังไม่เคยถูกคอมเมนท์

คอมเมนท์ทรัพยากรรายการนี้
  คอมเมนท์: ธรรมวาจาปัญญานันท..


 Copyright 2026. Bcnsprnw @Library